Interpreten zum Musiktitel Quiz - Statistiken

Allgemein
  • Dieses Quiz wurde 1.121 mal gespielt
  • Das Durchschnittsergebnis liegt bei 14 aus 30
Antwortstatistiken
Musiktitel Sänger % Korrekt
Shape Of You Ed Sheeran
95%
Thriller Michael Jackson
93%
Rolling In The Deep Adele
92%
Grenade Bruno Mars
80%
Flowers Miley Cyrus
76%
Chandelier Sia
76%
Dark Horse Katy Perry
69%
Geboren Um Zu Leben Unheilig
67%
Anti-Hero Taylor Swift
65%
I Will Always Love You Whitney Houston
62%
God's Plan Drake
61%
Faded Alan Walker
58%
Good 4 U Olivia Rodrigo
57%
Barbie Girl Aqua
53%
Peaches Justin Bieber
51%
Someone You Loved Lewis Capaldi
48%
Dynamite (2020) BTS
44%
Enemy Imagine Dragons
44%
Mercy Shawn Mendes
43%
What Was I Made For? Billie Eilish
40%
Kill Em With Kindness Selena Gomez
27%
Lightswitch Charlie Puth
24%
Star Walkin' Lil Nas X
22%
Lost Linkin Park
18%
Breaking Your Heart Apache 207
13%
10:35 Tate McRae
11%
Sacrifice The Weeknd
11%
Dákiti Bad Bunny
8%
Shut Down Blackpink
7%
Love Again The Kid Laroi
4%
Keine übereinstimmenden Quizze gefunden
Verteilung der Resultate
Anzahl Personen mit jedem Resultat
Perzentil nach korrekt beantworteten Fragen
Ihre Resultats-Entwicklung
Sie haben dieses Quiz noch nicht gespielt